La biblia del hardware, vol 2 /
Guardado en:
| Autor Principal: | |
|---|---|
| Formato: | Libro |
| Publicado: |
Buenos Aires :
Mp ediciones
|
| Series: | Manuales Users
|
| Materias: | |
| Etiquetas: |
Agregar Etiqueta
Sin Etiquetas, Sea el primero en etiquetar este registro!
|
| LEADER | 00940nam a22002535a 4500 | ||
|---|---|---|---|
| 001 | CEM.cems012641 | ||
| 005 | 20070629150039.0 | ||
| 008 | 130507b######################000#0#####d | ||
| 003 | CEMS | ||
| 020 | |a 9875260894 | ||
| 082 | 0 | 4 | |a 001.64 |
| 100 | 1 | |a Sánchez Serantes, Verónica | |
| 245 | 1 | 0 | |a La biblia del hardware, vol 2 / |c Verónica Sánchez Serantes |
| 260 | |a Buenos Aires : |b Mp ediciones | ||
| 300 | |a 195 p. | ||
| 490 | 0 | |a Manuales Users | |
| 505 | 0 | |a Dispositivos de entrada y salida -- Placas de video -- El disco rígido de la PC -- Otros medios de almacenamiento de la PC -- Audio y comunicación -- Secretos para comprar una PC -- Aceleradoras 3D | |
| 653 | |a Informática | ||
| 653 | |a Hardware | ||
| 653 | |a Informática-medios de almacenamiento | ||
| 653 | |a Disco rígido | ||
| 653 | |a Dispositivos de entrada | ||
| 653 | |a Dispositivos de salida | ||
| 859 | |a CEMS |b BIB. CEMS - 11 de abril |h 001.64 |i Sa55-2 |p 23971.07 |t Ej.1 |v 2 |3 2 | ||
